书目信息 |
| 题名: |
现代文学阅读与写作能力培养研究
|
|
| 作者: | 刘玲艳 , 黄毅 , 李晶 著 | |
| 分册: | ||
| 出版信息: | 沈阳 辽海出版社 2020.01 |
|
| 页数: | 316页 | |
| 开本: | 24cm | |
| 丛书名: | ||
| 单 册: | ||
| 中图分类: | G633.302 , G633.342 | |
| 科图分类: | ||
| 主题词: | 中学语文课--zhong xue yu wen ke--阅读教学--教学研究 , 作文课--zuo wen ke--教学研究--中学 | |
| 电子资源: | ||
| ISBN: | 978-7-5451-5089-6 | |
| 000 | 01090nam0 2200277 450 | |
| 001 | 0104125635 | |
| 005 | 20201104125713.0 | |
| 010 | @a978-7-5451-5089-6@dCNY80.00 | |
| 100 | @a20200408d2020 em y0chiy50 ea | |
| 101 | 0 | @achi |
| 102 | @aCN@b210000 | |
| 105 | @ay z 000yy | |
| 106 | @ar | |
| 200 | 1 | @a现代文学阅读与写作能力培养研究@Axian dai wen xue yue du yu xie zuo neng li pei yang yan jiu@f刘玲艳, 黄毅, 李晶著 |
| 210 | @a沈阳@c辽海出版社@d2020.01 | |
| 215 | @a316页@d24cm | |
| 330 | @a本书在介绍语文课程与文学阅读的关系,以及文学阅读与文学写作之关系的基础上,对中学生和大学生现代文学阅读对其人文素养和写作能力培养的影响进行了深入的分析和探讨,着重强调了现代文学阅读与写作能力培养相生相继的紧密联系,以期给予读者以有益借鉴。 | |
| 606 | 0 | @a中学语文课@Azhong xue yu wen ke@x阅读教学@x教学研究 |
| 606 | 0 | @a作文课@Azuo wen ke@x教学研究@x中学 |
| 690 | @aG633.302@v5 | |
| 690 | @aG633.342@v5 | |
| 701 | 0 | @a刘玲艳@Aliu ling yan@4著 |
| 701 | 0 | @a黄毅@AHuang Yi@4著 |
| 701 | 0 | @a李晶@ALi Jing@4著 |
| 801 | 0 | @aCN@bBJSZM@c20201104 |
| 905 | @b1261311-5@dG633.302@e812@f5 | |
| 现代文学阅读与写作能力培养研究/刘玲艳, 黄毅, 李晶著.-沈阳:辽海出版社,2020.01 |
| 316页;24cm |
| ISBN 978-7-5451-5089-6:CNY80.00 |
| 本书在介绍语文课程与文学阅读的关系,以及文学阅读与文学写作之关系的基础上,对中学生和大学生现代文学阅读对其人文素养和写作能力培养的影响进行了深入的分析和探讨,着重强调了现代文学阅读与写作能力培养相生相继的紧密联系,以期给予读者以有益借鉴。 |
| ● |
| 相关链接 |
|
|
|
|
正题名:现代文学阅读与写作能力培养研究
索取号:G633.302/812
 
预约/预借
| 序号 | 登录号 | 条形码 | 馆藏地/架位号 | 状态 | 备注 |
| 1 | 1261311 | 212613117 | 第一样本阅览室/ [索取号:G633.302/812] | 在馆 | |
| 2 | 1261312 | 212613126 | 教育系资料室/ [索取号:G633.302/812] | 在馆 | |
| 3 | 1261313 | 212613135 | 教育系资料室/ [索取号:G633.302/812] | 在馆 | |
| 4 | 1261314 | 212613144 | 第四借阅区/ [索取号:G633.302/812] | 在馆 | |
| 5 | 1261315 | 212613153 | 第四借阅区/ [索取号:G633.302/812] | 在馆 |